| 000 | 00394nam a2200181Ia 4500 | ||
|---|---|---|---|
| 005 | 20240823032946.0 | ||
| 008 | 240823s9999||||xx |||||||||||||| ||und|| | ||
| 041 | _aENGLISH | ||
| 082 | _A530 Q1 | ||
| 100 | _aRajagopal K R | ||
| 245 | 0 | _aEngineering Physics | |
| 250 | _a2nd | ||
| 260 |
_c2011 _b#VALUE! |
||
| 500 | _aYES | ||
| 650 |
_aPhysics _bPhysics |
||
| 942 | _cBK | ||
| 999 |
_c194672 _d194672 |
||